| 000 | 00349cam a2200145ua 4500 | ||
|---|---|---|---|
| 041 |
_amal _h |
||
| 082 |
_a894.812308 _bVIJ/MO |
||
| 100 | _aVijayan, O.V . | ||
| 245 |
_aMoonnu Yudhangal / _cO.V.Vijayan. _hTextual Documents |
||
| 260 |
_aThrissur : _bCurrent Books , _c1957. |
||
| 300 | _a110 ; . | ||
| 504 | _a | ||
| 942 | _cBK | ||
| 999 |
_c769 _d769 |
||